| 000 | 01589cab a2200205 4500 | ||
|---|---|---|---|
| 001 | L136572 | ||
| 008 | 070208n2007 000 0 eng u | ||
| 035 | _a(Sirsi) u136572 | ||
| 041 | 0 | _aeng | |
| 110 | 2 |
_aHBOS plc _94703 |
|
| 245 | 0 | 0 |
_aHouse prices in East End rise after Olympic win _h[electronic resource] |
| 260 |
_aEdinburgh _bHBOS plc _c2007 |
||
| 520 | _aNew research from Halifax Estate Agents shows that house prices in three London postal districts close to the site of 2012 Olympics games have risen by more than 15%, or at least £35 000, since London's winning bid was announced. Across London, house prices have risen by 15% since Q2 2005. The best performance has been in Leytonstone (E11), which saw a 23% (£50 714) increase in its average house price since mid 2005 followed by Hackney (E8) with a 21% (£48 578) increase and Clapton (E5) 18% (£38 895) rise. Seven areas close to the Olympic site recorded house price increases of more than 10% since Q2 2006, while all areas close to the Games site have seen at least a £15 000 rise in their average house price. Stratford (E15), the focal point for Olympic construction activity, saw an 8% (£16 801) increase in its average price since June 2005 to £225 652. | ||
| 590 | _aKA | ||
| 650 | 2 | 4 | _aOLYMPIC GAMES 2012 |
| 651 | 4 | _aLONDON | |
| 690 | _aPROPERTY-RESIDENTIAL PROPERTY-RESIDENTIAL PROPERTY MARKET | ||
| 856 | 4 | 0 |
_uhttps://www.hbosplc.com/media/pressreleases/articles/halifax/2007-02-02-01-halifax.asp?fs=/media/press_releases.asp _zView the press release free of charge at www.hbosplc.com... |
| 942 | _n0 | ||
| 999 |
_c78349 _d78349 |
||